The new palgrave dictionary of economics and the law : V.2 : E to J. V.3
Bewaard in:
| Formaat: | Boek |
|---|---|
| Gepubliceerd in: |
Macmillan Reference
1998
|
| Tags: |
Voeg label toe
Geen labels, Wees de eerste die dit record labelt!
|
| Thư viện lưu trữ: | Mạng thư viện Đại học Đà Nẵng |
|---|
| LEADER | 00520nam a2200205 a 4500 | ||
|---|---|---|---|
| 001 | 000030349 | ||
| 003 | 4391 | ||
| 005 | 20171030145630.0 | ||
| 008 | 171030s1998 | ||
| 040 | |a LTT | ||
| 082 | 0 | |a 330.3 |b Ne-P | |
| 245 | 0 | 0 | |a The new palgrave dictionary of economics and the law : V.2 : E to J. |n V.3 |
| 260 | |b Macmillan Reference |c 1998 | ||
| OWN | |a LTT | ||
| 999 | |a From the UDN01 | ||
| TYP | |a Monograph | ||
| TYP | |a Printed language | ||
| 980 | |a Mạng thư viện Đại học Đà Nẵng | ||